书目信息 |
| 书名: | The economic life of refugees | |
| 作者: | Karen Jacobsen. | |
| 分册号: | ||
| 分册名: | 出版地: | Bloomfield, CT : |
|
| 出版社: | Kumarian Press, Inc | |
| 出版时间: | c2005. | |
| 页数: | x, 131 p. ; | |
| 开本: | 23 cm. | |
| 丛书名: | ||
| 中图分类号: | ||
| 科图分类号: | ||
| 其他分类号: | C913.9 | |
| 主题词: | ||
| 电子资源: | http://www.loc.gov/catdir/toc/ecip058/2005004339.html | |
| 000 | 01747cam a22003374a 450 | |
| 001 | E0728978161 | |
| 005 | 20070710104632.23 | |
| 008 | 050217s2005 ctu b 001 0 eng | |
| 010 | @a2005004339 | |
| 020 | @a1565492048 (pbk. : alk. paper). | |
| 040 | @aDLC@cDLC@dDLC | |
| 042 | @apcc | |
| 050 | 00 | @aHV640@b.J327 2005 |
| 082 | 00 | @a330.9/0086/914@2 22 |
| 090 | @aC913.9 | |
| 099 | @dC913.9@ex242 | |
| 100 | 1 | @aJacobsen, Karen. |
| 245 | 14 | @aThe economic life of refugees / @cKaren Jacobsen. |
| 260 | @aBloomfield, CT :@bKumarian Press, Inc.,@cc2005. | |
| 300 | @ax, 131 p. ;@c23 cm. | |
| 504 | @aIncludes bibliographical references (p. 111-119) and index. | |
| 505 | 0 | @aIntroduction: Displaced livelihoods -- Economic survival in refugee camps -- Urban refugees -- Beyond the country of first asylum : refugees in third countries -- Can humanitarian programs support the livelihoods of the displaced? -- Supporting the livelihoods of refugees : a model for refugee assistance. |
| 520 | @a"Explores the economic life of refugees in protracted situations in a variety of settings: in camps, in urban areas and in third countries in the West"--Provided by publisher. | |
| 650 | 0 | @aEconomic assistance. |
| 650 | 0 | @aRefugees@xEconomic conditions. |
| 650 | 0 | @aRefugee camps. |
| 650 | 0 | @aInternational relief. |
| 856 | 41 | @3 Table of contents@uhttp://www.loc.gov/catdir/toc/ecip058/2005004339.html |
| 906 | @a7@bcbc@corignew@d1@eecip@f20@gy-gencatlg | |
| 925 | 0 | @aacquire@b2 shelf copies@xpolicy default |
| 955 | @asd39 2005-02-17@isd39 2005-02-17 to SL@esb08 2005-02-18 to Dewey@aaa19 2005-02-24@aps07 2005-07-08 1 copy rec’d., to CIP ver.@fsf10 2005-08-23@gsf10 2005-08-23 to BCCD@asp17 2005-11-22 copy 2 added | |
| The economic life of refugees / / Karen Jacobsen.-Bloomfield, CT : : Kumarian Press, Inc., , c2005. |
| x, 131 p. ; ; 23 cm. |
| Includes bibliographical references (p. 111-119) and index.-Introduction: Displaced livelihoods -- Economic survival in refugee camps -- Urban refugees -- Beyond the country of first asylum : refugees in third countries -- Can humanitarian programs support the livelihoods of the displaced? -- Supporting the livelihoods of refugees : a model for refugee assistance.-"Explores the economic life of refugees in protracted situations in a variety of settings: in camps, in urban areas and in third countries in the West"--Provided by publisher. |
| ISBN 1565492048 (pbk. : alk. paper). |
| "Explores the economic life of refugees in protracted situations in a variety of settings: in camps, in urban areas and in third countries in the West"--Provided by publisher. |
| ● |
| 相关链接 |
|
|
|
|
正题名:economic life of refugees
索取号:C913.9/x242
 
预约/预借
| 序号 | 登录号 | 条形码 | 馆藏地/架位号 | 状态 | 备注 |
| 1 | 11422 | 300114221 | 第二样本阅览室/ [索取号:C913.9/x242] | 在馆 |